[Event "Frederiksberg-ch"]
[Site "Frederiksberg"]
[Date "2018.04.11"]
[Round "1"]
[White "Kjaer, Anders"]
[Black "Sorensen, Dick"]
[Result "0-1"]
[WhiteElo "1835"]
[BlackElo "1973"]
[PlyCount "114"]
[EventDate "2018.04.11"]
[EventType "tourn"]
[EventRounds "7"]
[EventCountry "DEN"]
[SourceTitle "EXT 2020"]
[Source "ChessBase"]
[SourceDate "2019.10.17"]
[SourceVersion "1"]
[SourceVersionDate "2019.10.17"]
[SourceQuality "1"]

1. e4 g6 2. Nf3 Bg7 3. d4 d6 4. Bc4 Nf6 5. Nc3 0-0 6. 0-0 c6 7. a4 d5 8. Bd3 dxe4 9. Nxe4 Nxe4 10. Bxe4 Be6 11. c3 Bd5 12. Bd3 Nd7 13. Re1 e6 14. Bf4 Qf6 15. Bg5 Bxf3 16. Bxf6 Bxd1 17. Bxg7 Kxg7 18. Raxd1 Rfd8 19. b4 Nb6 20. a5 Nd5 21. Rc1 b6 22. axb6 axb6 23. b5 cxb5 24. Bxb5 Ra3 25. c4 Nc7 26. Red1 Nxb5 27. cxb5 Rb3 28. Rc4 Rxb5 29. f4 Rb2 30. Rc7 Rb4 31. Rb7 Rbxd4 32. Rxd4 Rxd4 33. Rxb6 Rxf4 34. g3 Rf5 35. Kg2 h5 36. h3 Ra5 37. Rb4 Ra3 38. Re4 Kf6 39. Rf4+ Ke7 40. Rb4 f5 41. g4 hxg4 42. hxg4 Kf6 43. gxf5 gxf5 44. Rb8 e5 45. Kf2 Kg5 46. Rb5 Kf4 47. Rb2 e4 48. Ke2 Rh3 49. Rb5 Rh2+ 50. Kf1 Kg4 51. Rb4 Kf3 52. Kg1 Rd2 53. Rb1 e3 54. Rf1+ Ke4 55. Re1 f4 56. Kh1 f3 57. Rf1 e2 0-1

[Event "DEN-chT1 1718 56th"]
[Site "Denmark"]
[Date "2018.01.28"]
[Round "5.6"]
[White "Percivaldi, Martin"]
[Black "Sorensen, Dick"]
[Result "1-0"]
[WhiteElo "2388"]
[BlackElo "1912"]
[PlyCount "93"]
[EventDate "2017.11.18"]
[EventType "team-tourn"]
[EventRounds "9"]
[EventCountry "DEN"]
[SourceTitle "EXT 2019"]
[Source "ChessBase"]
[SourceDate "2018.10.10"]
[SourceVersion "1"]
[SourceVersionDate "2018.10.10"]
[SourceQuality "1"]
[WhiteTeam "Koge Xtracon"]
[BlackTeam "Frederiksberg"]
[WhiteTeamCountry "DEN"]
[BlackTeamCountry "DEN"]

1. e4 c5 2. Nf3 e6 3. d3 Nc6 4. g3 d5 5. Nbd2 Nf6 6. Bg2 Be7 7. 0-0 0-0 8. e5 Nd7 9. Re1 Qc7 10. Qe2 Re8 11. Nf1 Nf8 12. h4 f6 13. Bf4 fxe5 14. Nxe5 Nxe5 15. Bxe5 Bd6 16. Qh5 Bd7 17. Nh2 Bxe5 18. Rxe5 Bc6 19. Rae1 Re7 20. Nf3 Rae8 21. R5e2 b6 22. Ne5 Bb7 23. Qg5 d4 24. h5 Bxg2 25. Kxg2 Qb7+ 26. Kg1 Qd5 27. b3 Nd7 28. h6 Nxe5 29. Rxe5 Qd7 30. R1e4 g6 31. Qg4 Qd6 32. Qe2 Qd7 33. Kf1 a5 34. a4 Qc6 35. Ke1 Qd6 36. Kd2 Qc6 37. Kc1 Qd6 38. g4 Qc6 39. f4 b5 40. axb5 Qxb5 41. Rxe6 Rxe6 42. Rxe6 Rxe6 43. Qxe6+ Kf8 44. Qf6+ Ke8 45. Qh8+ Kd7 46. Qxh7+ Kc8 47. Qg8+ 1-0

[Event "Bronshoj SenSommer"]
[Site "Copenhagen"]
[Date "2017.09.14"]
[Round "5"]
[White "Tandrup, Michael"]
[Black "Sorensen, Dick"]
[Result "1/2-1/2"]
[WhiteElo "1946"]
[BlackElo "2041"]
[PlyCount "69"]
[EventDate "2017.08.17"]
[EventType "tourn"]
[EventRounds "7"]
[EventCountry "DEN"]
[SourceTitle "EXT 2019"]
[Source "ChessBase"]
[SourceDate "2018.10.10"]
[SourceVersion "1"]
[SourceVersionDate "2018.10.10"]
[SourceQuality "1"]

1. c4 c5 2. Nc3 Nc6 3. g3 d6 4. Nf3 e5 5. d3 g6 6. Bg2 Bg7 7. e4 Nge7 8. 0-0 0-0 9. Bg5 h6 10. Bd2 a6 11. Ne1 Nd4 12. Nc2 Nxc2 13. Qxc2 Nc6 14. Nd5 Nd4 15. Qd1 Be6 16. Be3 Bxd5 17. cxd5 b5 18. Qd2 Kh7 19. f4 Rc8 20. fxe5 dxe5 21. Bh3 Rc7 22. Rf2 c4 23. Raf1 cxd3 24. Qxd3 Qd6 25. Bg4 Kg8 26. Bh3 Kh7 27. g4 f6 28. Re1 Ne6 29. Qf1 Nc5 30. Bd2 Qb6 31. Kh1 Nd3 32. Be3 Nxf2+ 33. Qxf2 Qd6 34. Bb6 Rcc8 35. Qe3 1/2-1/2

[Event "Bronshoj SenSommer"]
[Site "Copenhagen"]
[Date "2017.08.31"]
[Round "3"]
[White "Sorensen, Dick"]
[Black "Larsen, Soren Friis"]
[Result "0-1"]
[WhiteElo "2041"]
[BlackElo "1942"]
[PlyCount "78"]
[EventDate "2017.08.17"]
[EventType "tourn"]
[EventRounds "7"]
[EventCountry "DEN"]
[SourceTitle "EXT 2019"]
[Source "ChessBase"]
[SourceDate "2018.10.10"]
[SourceVersion "1"]
[SourceVersionDate "2018.10.10"]
[SourceQuality "1"]

1. d4 Nf6 2. Bg5 d5 3. Nc3 Bf5 4. e3 Nbd7 5. Bd3 Bg6 6. Nf3 e6 7. 0-0 a6 8. Ne5 c5 9. Bxg6 hxg6 10. h3 Bd6 11. Nf3 Qc7 12. dxc5 Nxc5 13. Bxf6 gxf6 14. Qd4 Be5 15. Nxe5 fxe5 16. Qb4 0-0-0 17. Na4 Nxa4 18. Qxa4 g5 19. c4 Rh4 20. Rac1 d4 21. e4 Rxe4 22. c5 Qc6 23. Qxc6+ bxc6 24. Rfe1 Rxe1+ 25. Rxe1 d3 26. f3 f5 27. Kf2 f4 28. Rd1 a5 29. a3 Kb7 30. Ke1 Ka6 31. Kd2 Kb5 32. Rc1 a4 33. Rc3 Rd4 34. b3 axb3 35. Rxb3+ Kxc5 36. Rxd3 Kc4 37. Rxd4+ exd4 38. a4 e5 39. a5 Kb5 0-1

[Event "Politiken Cup 37th"]
[Site "Helsingor"]
[Date "2015.07.30"]
[Round "7"]
[White "Sorensen, Dick"]
[Black "Huse, Sigurd Kjelsbol"]
[Result "1/2-1/2"]
[WhiteElo "1911"]
[BlackElo "1715"]
[PlyCount "41"]
[EventDate "2015.07.25"]
[EventType "swiss"]
[EventRounds "10"]
[EventCountry "DEN"]
[SourceTitle "CBM 167 Extra"]
[Source "ChessBase"]
[SourceDate "2015.09.14"]
[SourceVersion "1"]
[SourceVersionDate "2015.09.14"]
[SourceQuality "1"]

1. d4 d5 2. Nf3 Nf6 3. c4 e6 4. Nc3 c6 5. e3 Bb4 6. Bd3 0-0 7. 0-0 Nbd7 8. cxd5 exd5 9. Qc2 Nb6 10. Ne5 Re8 11. f4 c5 12. Qf2 cxd4 13. exd4 Bxc3 14. bxc3 Ne4 15. Qf3 f6 16. Ng4 Nxc3 17. f5 Ne4 18. Be3 Bd7 19. h4 h6 20. Bxh6 Re7 21. Be3 1/2-1/2

[Event "Bronshoj-ch B"]
[Site "Bronshoj"]
[Date "2015.??.??"]
[Round "4"]
[White "Sorensen, Dick"]
[Black "Gustafsson, Magnus"]
[Result "1/2-1/2"]
[WhiteElo "1948"]
[BlackElo "1887"]
[PlyCount "81"]
[EventDate "2015.03.05"]
[EventType "tourn"]
[EventRounds "9"]
[EventCountry "DEN"]
[SourceTitle "EXT 2024"]
[Source "ChessBase"]
[SourceDate "2023.10.10"]
[SourceVersion "1"]
[SourceVersionDate "2023.10.10"]
[SourceQuality "1"]

1. e4 d5 2. exd5 Qxd5 3. Nc3 Qd8 4. d4 Nf6 5. Bg5 Bg4 6. Qd2 e6 7. f3 Bf5 8. a3 c6 9. Nge2 h6 10. Bh4 g5 11. Bf2 Bd6 12. g4 Bg6 13. h4 gxh4 14. Bxh4 Be7 15. Bg3 Bd6 16. 0-0-0 Bxg3 17. Nxg3 Qc7 18. Nge2 Nbd7 19. g5 Ng8 20. gxh6 0-0-0 21. Ne4 Ne7 22. Qf4 Nf5 23. Bh3 Nb6 24. Bxf5 Bxf5 25. Qxc7+ Kxc7 26. Nf4 Rdg8 27. Rd2 Nd5 28. Nd3 Bg6 29. Rdh2 Ne3 30. Ne5 Nf5 31. Nf6 Rd8 32. c3 Kd6 33. h7 Ke7 34. Ne4 Kf8 35. Rg2 Ne7 36. Nf6 Kg7 37. Nh5+ Kxh7 38. Nf4+ Kg7 39. Rhg1 Rh6 40. Nfxg6 Nxg6 41. Ng4 1/2-1/2

[Event "Koge Xtracon op"]
[Site "Koge"]
[Date "2014.10.18"]
[Round "9"]
[White "Sorensen, Dick"]
[Black "Madsen, Michael Ole"]
[Result "1/2-1/2"]
[WhiteElo "1982"]
[BlackElo "2071"]
[PlyCount "39"]
[EventDate "2014.10.11"]
[EventType "swiss"]
[EventRounds "9"]
[EventCountry "DEN"]
[SourceTitle "EXT 2015"]
[Source "ChessBase"]
[SourceDate "2014.11.20"]
[SourceVersion "1"]
[SourceVersionDate "2014.11.20"]
[SourceQuality "1"]

1. e4 c6 2. d4 d5 3. Bd3 dxe4 4. Bxe4 Nf6 5. Bf3 Bf5 6. Ne2 e6 7. 0-0 Be7 8. c4 Nbd7 9. Nbc3 0-0 10. b3 e5 11. Ng3 Bg6 12. Bb2 exd4 13. Qxd4 Qc7 14. Nce4 a5 15. Rfd1 Rfd8 16. a3 Nc5 17. Qe3 Nfxe4 18. Nxe4 Qb6 19. Qc3 Bf8 20. Nxc5 1/2-1/2

[Event "Copenhagen Bronshoj Sensommer"]
[Site "Copenhagen"]
[Date "2014.09.04"]
[Round "2"]
[White "Tandrup, Michael"]
[Black "Sorensen, Dick"]
[Result "1/2-1/2"]
[WhiteElo "2016"]
[BlackElo "1977"]
[PlyCount "85"]
[EventDate "2014.08.28"]
[EventType "tourn"]
[EventRounds "7"]
[EventCountry "DEN"]
[SourceTitle "EXT 2016"]
[Source "ChessBase"]
[SourceDate "2015.10.08"]
[SourceVersion "1"]
[SourceVersionDate "2015.10.08"]
[SourceQuality "1"]

1. c4 c5 2. Nc3 Nc6 3. g3 g6 4. Bg2 Bg7 5. e4 d6 6. Nge2 e6 7. 0-0 Nge7 8. d3 0-0 9. Bg5 h6 10. Be3 Nd4 11. Qd2 Kh7 12. f4 Nec6 13. Bf2 a6 14. Nxd4 Nxd4 15. Ne2 Nxe2+ 16. Qxe2 Rb8 17. e5 b6 18. d4 Bb7 19. dxc5 Bxg2 20. Kxg2 dxc5 21. Rad1 Qc7 22. Rd6 Rfd8 23. Rfd1 Bf8 24. R6d3 Be7 25. Qe4 Rxd3 26. Rxd3 Rd8 27. g4 Rxd3 28. Qxd3 Kg7 29. Qe4 Qd7 30. h4 Qd2 31. h5 Bh4 32. Qf3 Qxb2 33. f5 gxf5 34. gxf5 Qxf2+ 35. Qxf2 Bxf2 36. f6+ Kf8 37. Kxf2 Ke8 38. Ke3 b5 39. Kd3 Kd7 40. a4 bxa4 41. Kc3 Kc6 42. Kb2 Kb6 43. Ka2 1/2-1/2

[Event "Politiken Cup 36th"]
[Site "Helsingor"]
[Date "2014.07.26"]
[Round "7"]
[White "Rendlev, Niels Moller"]
[Black "Sorensen, Dick"]
[Result "0-1"]
[WhiteElo "1790"]
[BlackElo "1977"]
[PlyCount "44"]
[EventDate "2014.07.21"]
[EventType "swiss"]
[EventRounds "10"]
[EventCountry "DEN"]
[SourceTitle "CBM 161 Extra"]
[Source "ChessBase"]
[SourceDate "2014.08.29"]
[SourceVersion "1"]
[SourceVersionDate "2014.08.29"]
[SourceQuality "1"]

1. g3 e5 2. d3 d5 3. Bg2 c6 4. Nf3 Bd6 5. 0-0 Nf6 6. Bg5 h6 7. Bxf6 Qxf6 8. e4 dxe4 9. dxe4 0-0 10. Nc3 Nd7 11. Qe2 Nc5 12. Rad1 b6 13. Qe3 Ba6 14. Rfe1 Rad8 15. Nh4 Bc8 16. Rd2 Ne6 17. Red1 Nd4 18. h3 Bc5 19. Qd3 g6 20. Kh1 Kg7 21. Na4 Be7 22. c3 Nb3 0-1